[Event "Olympiad-36"]
[Site "Mallorca"]
[Date "2004.10.19"]
[Round "5"]
[White "Shirov, Alexei"]
[Black "Azmaiparashvili, Zurab"]
[Result "1-0"]
[WhiteElo "2726"]
[BlackElo "2672"]
[Annotator "Huzman,A"]
[PlyCount "85"]
[EventDate "2004.10.15"]
[EventType "team-swiss"]
[EventRounds "14"]
[EventCountry "ESP"]
[SourceTitle "CBM 104"]
[Source "ChessBase"]
[SourceDate "2005.01.27"]
[SourceVersion "1"]
[SourceVersionDate "2005.01.27"]
[SourceQuality "1"]
[WhiteTeam "Spain"]
[BlackTeam "Georgia"]
[WhiteTeamCountry "ESP"]
[BlackTeamCountry "GEO"]

1. e4 d6 2. d4 Nf6 3. Nc3 e5 4. Nf3 Nbd7 5. Bc4 Be7 6. O-O O-O 7. Re1 (7. a4 c6
8. a5 Rb8 9. Qe2 b6 10. axb6 axb6 11. d5 cxd5 12. exd5 Bb7 13. Ra7 Qc7 14. Nb5
Qc8 15. Rd1 Ra8 16. Rxa8 Qxa8 17. Nfd4 exd4 18. Qxe7 Bxd5 19. Nc7 Qc6 20. Nxd5
Qxc4 21. Nxf6+ Nxf6 22. Qxd6 Nd5 23. Qe5 Qxc2 24. Qxd4 Nc7 25. Qd3 Qc6 26. Be3
Ne6 $11 {0-1 Sutovsky,E-Azmaiparashvili,Z/Pune 2004/CBM 104_01 (52)}) 7... c6
8. a4 b6 9. b3 Bb7 10. a5 {White is threatening to push the Bb7 by 11.a6 now.
Another idea of the last move is to open file "a".} (10. Ba3 Re8 11. d5 c5 12.
a5 a6 13. axb6 Nxb6 14. Bd3 g6 15. Nd2 Nh5 16. g3 Rf8 17. Qe2 Qc8 18. b4 cxb4
19. Bxb4 Kg7 20. Nb3 f5 21. f3 fxe4 22. fxe4 Nd7 23. Kg2 Ndf6 24. Na5 $16 {
1-0 Macieja,B-Stocek,J/CZE 2001/EXT 2002 (38)}) (10. Bb2 a6 11. Bd3 (11. Qd2 b5
(11... Qc7 12. Rad1 Rad8 13. Bd3 Rfe8 14. Ne2 Bf8 15. Ng3 g6 16. h4 Bg7 17. h5
Ng4 18. Qg5 Ndf6 19. dxe5 dxe5 20. Qh4 $14 {0-1 Hauchard,A-Seret,J/Cappelle la
Grande FRA 2004/(32)}) 12. Bd3 Re8 13. Ne2 Bf8 14. Ng3 h6 15. c3 Qc7 16. c4
bxc4 17. Bxc4 exd4 18. Nxd4 d5 19. exd5 cxd5 20. Bf1 Ne4 $11 {0-1 Petrushin,
A-Ivanov,T/Sochi RUS 2004/(32)}) (11. Bf1 Re8 12. g3 Bf8 13. Bg2 Qc7 14. Qd3 b5
15. Rad1 Rad8 16. h3 b4 17. Nb1 exd4 18. Nxd4 Nc5 19. Qd2 Ncxe4 $15 {1/2-1/2
Sawadkuhi,M-Pribyl,J/Pardubice 2000/EXT 2001 (30)}) 11... Re8 12. Ne2 Bf8 13.
Ng3 Qc7 (13... g6 14. Qd2 Bg7 15. Rad1 Qc7 16. h3 Rad8 17. Qc1 Nf8 18. Qa1 N6d7
19. Nf1 $14 {1/2-1/2 Souleidis,G-Kasparov,S/Werther 2002/CBM 87 ext (47)}) 14.
h3 (14. c4 a5 15. Qd2 Rad8 16. Rac1 g6 17. c5 bxc5 18. dxe5 Nxe5 19. Nxe5 dxe5
20. Qe2 Bc8 21. Bc4 Be6 22. Rcd1 Nd7 23. Bc3 Bxc4 24. Qxc4 $44 {1/2-1/2
Ganguly,S-Cifuentes Parada,R/Calvia ESP 2004/(55)}) 14... Rad8 15. Qc1 g6 16.
a5 b5 17. c4 b4 18. Qd2 exd4 19. Nxd4 Bg7 20. Ndf5 gxf5 21. Nxf5 $40 {0-1
Collins,S-Georgiev,V/Plovdiv BUL 2003/(45)}) (10. d5 cxd5 11. Nxd5 Rc8 12.
Nxf6+ (12. Re2 $142) 12... Nxf6 13. Bd3 d5 14. exd5 e4 15. Bxe4 Nxe4 16. Rxe4
Bf6 17. Ra2 Bxd5 18. Re1 Bc3 19. Re3 Bxb3 $19 {0-1 Sprenger,J-Bratanov,Z/Metz
2002/CBM 87 ext (56)}) 10... Rb8 ({After} 10... b5 11. a6 (11. Bd3 a6 $11)
11... Bc8 12. Bf1 (12. Bd3 $143 Qb6 13. Be3 Ng4 14. d5 Nxe3 15. Rxe3 b4 (15...
Bxa6 16. dxc6 Nf6 17. Qe2 (17. Nd5 Nxd5 18. exd5 f5 $36) 17... Rab8 18. Nd5
Nxd5 19. exd5 f5 $132) 16. dxc6 bxc3 17. cxd7 Bxd7 18. Bc4 $16) 12... Qb6 13.
Be3 $1 Ng4 (13... Qc7 14. d5 b4 15. dxc6 Qxc6 16. Nd5 Nxd5 17. exd5 Qc7 18. Bd2
Qc5 (18... Rb8 19. Nd4 $1) 19. Be3 Qc7 20. Ra4 Rb8 21. Qd3 $1 Bd8 (21... Nc5
22. Qc4) 22. Qc4 Qxc4 23. Bxc4 Bb6 24. Rxb4 Bxe3 25. Rxb8 Bxf2+ 26. Kxf2 Nxb8
27. Nd2 f5 28. b4 $13) 14. d5 Nxe3 15. Rxe3 Bxa6 16. dxc6 Nf6 (16... Qxc6 17.
Nd5 $18 {[%cal Gd5b4,Gb4a6,Gb4c6]}) 17. Nd5 Nxd5 18. exd5 $14 {the passed pawn
c6 gives White better opportunites but counterplay of Black must not be
underestimated.}) 11. axb6 axb6 12. Bb2 Qc7 13. Qd2 b5 14. Bd3 Rfd8 $1 {
[%cal Yd8d2]} (14... Ra8 15. Ne2 c5 16. dxe5 Nxe5 17. Ng3 $14) 15. Ne2 c5 16.
dxe5 Nxe5 $6 {This is the critical moment of the game. Last move of Black was
a mistake because he opened the diagonal b2-g7 for Bb2 and in connection with
manoeuvre Ne2-g3-f5 it gives White a strong initiative.} (16... dxe5 $5 17. Nc3
$1 (17. Ng3 c4 18. Bf1 Bc5 $15) 17... b4 (17... Bc6 18. Nd5 Bxd5 (18... Nxd5
19. exd5 Bxd5 20. Bxh7+ Kxh7 21. Qxd5 $16) 19. exd5 c4 20. Bf5 Bd6 21. Ra6 Nb6
$132) 18. Nb5 Qb6 19. Nxe5 Bxe4 20. Nc4 $1 (20. Bxe4 Nxe5 (20... Nxe4 21. Qxd7
Rxd7 22. Nxd7 Qxb5 23. Nxb8 $16) 21. Qf4 Nfd7 22. Bxe5 Nxe5 23. Nc3 Qf6 24.
Qxf6 Bxf6 25. Nd5 $14) 20... Qxb5 21. Nd6 Qb6 22. Nxe4 Nxe4 23. Rxe4 Bf6 $11
24. Ra6 $140 Qb7 25. Rxf6 $1 (25. Bxf6 $2 Nxf6 26. Rxf6 Qxe4 $19) 25... Nxf6
26. Bxf6 gxf6 (26... Qxe4 27. Qg5 $18) 27. Rg4+ Kf8 28. Qh6+ Ke7 29. Qe3+ Kd6 (
29... Kf8 30. Qxc5+ Qe7 31. Rg8+ $18) 30. Rf4 Qe7 31. Re4 $40) 17. Ng3 $1 Bc8 (
17... Nxf3+ 18. gxf3 Bc8 19. f4 $36) 18. Be2 $14 Nxf3+ (18... Be6 19. Ng5 $5 {
[%cal Gf2f4]} (19. Nxe5 dxe5 20. Qa5 $1 $36)) 19. Bxf3 Be6 20. Nf5 $1 Bxf5 21.
exf5 $16 {The pair of white bishops is comfortably placed on the big diagonals,
they control all the board now. Black hasn't counterplay and his pieces are
very passive.} d5 (21... Re8 $5 22. Ra6 d5 23. Be5 Qb7 24. Rea1 Ra8 25. Rxa8
Rxa8 26. Rd1 Ra2 27. Bxf6 Bxf6 28. Bxd5 $16) 22. Be5 Bd6 23. Bxf6 gxf6 24. Qh6
Bf4 (24... Be5 25. Rad1 Bf4 26. Qh5 (26. Qxf6 Rb6 27. Qh4 Rh6 28. Qg4+ (28. Bh5
$1 $16) 28... Kh8 29. Bxd5 Bxh2+ 30. Kf1 Be5 31. g3 $16) 26... d4 27. g3 Bd6
28. Re4 $40) 25. Qxf6 (25. Qh5 $5) 25... Rd6 (25... Rb6 26. Qh4 Rh6 27. Bh5 $1
$16) 26. Qe7 $18 {White is ready to play an endgame because his active and
good coordinated pieces can continue the attack.} Qxe7 (26... Rd7 27. Qh4 $18)
27. Rxe7 Bg5 28. Rc7 c4 29. Raa7 $18 Rf8 30. Bh5 Rf6 31. g4 Bf4 32. Rd7 Bd6 33.
h4 h6 34. Kf1 Bb8 35. Rab7 d4 36. Rxd4 cxb3 37. cxb3 Bd6 38. Rxb5 Bc7 39. Rd7
Rb6 40. Rxb6 Bxb6 41. f6 Bc5 42. Kg2 Ba3 43. f4 1-0

[Event "Enghien les Bains 4th"]
[Site "Enghien les Bains"]
[Date "2001.04.12"]
[Round "2"]
[White "Grischuk, Alexander"]
[Black "Fressinet, Laurent"]
[Result "1/2-1/2"]
[WhiteElo "2668"]
[BlackElo "2575"]
[Annotator "Huzman,A"]
[PlyCount "26"]
[EventDate "2001.04.11"]
[EventType "tourn"]
[EventRounds "9"]
[EventCountry "FRA"]
[EventCategory "17"]
[SourceTitle "CBM 083"]
[Source "ChessBase"]
[SourceDate "2001.07.05"]
[SourceVersion "1"]
[SourceVersionDate "2001.07.05"]
[SourceQuality "1"]

1. e4 {Bangiev} e5 2. Nf3 d6 3. d4 exd4 4. Nxd4 Nf6 5. Nc3 Be7 6. g3 d5 7. e5
Ng4 8. Nf3 $6 (8. e6 Nf6 9. exf7+ (9. Bh3 Nc6 10. exf7+ Kxf7 11. Bxc8 Qxc8 12.
Nf3 Qd7 13. O-O Rhe8 14. Qd3 Rad8 15. Bf4 Bb4 16. Nb5 Ba5 17. c3 Kg8 18. Bg5
$14 {1-0 Speelman,J-Giorgadze,T/Hastings 1979/MCD (41)}) 9... Kxf7 10. Bg2 c6
11. O-O Nbd7 (11... Re8 12. Nce2 Nbd7 13. b3 Ne5 14. Bb2 Bc5 15. h3 Qb6 16. Nf4
Kg8 17. c3 Bd7 $11 {1/2-1/2 Khalifman,A-Kuzmin,G/Lvov 1990/CBM 18 (25)}) 12.
Re1 Nc5 13. b4 Ne6 14. b5 Nxd4 15. Qxd4 Re8 16. bxc6 bxc6 17. Rb1 Bf5 18. Rb7
Qc8 19. Rxa7 Rxa7 20. Qxa7 Bxc2 $11 {1/2-1/2 Geller,E-Giorgadze,T/Minsk 1979/
URS-ch (52)}) (8. Bg2 c5 (8... Nxe5 {Bangiev} 9. Nxd5 Bg4 10. Qd2 c5 $5 11. Nb5
$1 $13) 9. Ndb5 a6 10. Nd6+ Bxd6 11. exd6 d4 12. Qe2+ Kf8 13. Nd5 Nc6 14. O-O
Nf6 15. Qc4 Qxd6 16. Bf4 $18 {1-0 Smagin,S-Antoshin,V/Moscow 1982/MCD (41)}) (
8. Bf4 g5 9. e6 h5 10. h3 Nxf2 11. Kxf2 gxf4 12. Be2 Bf6 13. gxf4 fxe6 14.
Bxh5+ Kf8 15. Bg4 Qd6 16. Kg2 $36 {1-0 Yurtaev,L-Okhotnik,V/Lyngby 1990/EXT 97
(24)}) (8. f4 c5 9. Nf3 d4 10. Ne2 f5 11. h3 Nh6 12. Bg2 O-O 13. O-O Nc6 14. b3
Be6 15. Bb2 Qd7 16. Qd2 Rad8 17. Rad1 Qc7 18. c4 $11 {1/2-1/2 Spassky,
B-Fressinet,L/Paris FRA 2001/ (25)}) 8... Nc6 $1 {'!?' Bangiev.} (8... Bc5 $2
9. Qxd5 Bxf2+ 10. Ke2 $16 Bb6 11. h3 Nh6 12. Qxd8+ Kxd8 13. Bg5+ Ke8 14. g4 Ng8
15. Re1 Nc6 16. Kd1 Be6 17. Bb5 Nge7 18. Kc1 a6 19. Ba4 h6 20. Bd2 Rd8 $132 {
1/2-1/2 Palatnik,S-Kholmov,R/USSR 1972/(51)}) 9. Qxd5 Bf5 $1 {'!?' Bangiev.}
10. Bc4 {'?!' Bangiev. Bangiev: 'Nun wird auf e5 mit Tempogewinn genommen.'} (
10. Bb5 Qxd5 (10... O-O {Bangiev} 11. Bxc6 bxc6 12. Qxc6 (12. Qc4 {Bangiev} Be6
) 12... Bd7 (12... Bxc2 {Bangiev} 13. h3 $16) 13. Qc4 {Weiß steht besser, muss
aber mit Gegenspiel (man beachte das schwarze Läuferpaar) des Schwarzen
rechnen.}) 11. Nxd5 Be4 $1 (11... O-O-O {Bangiev} 12. Bxc6 (12. Nxe7+ {Bangiev}
Nxe7 13. h3 Be4 $1) 12... Bc5 13. Ne3 Bxe3 14. Bxe3 bxc6 $132) 12. Nxc7+ Kd7
13. Nxa8 Bxf3 $17) 10... Qxd5 11. Nxd5 (11. Bxd5 Nb4 $17) 11... Ngxe5 $1 12.
Nxe5 Nxe5 13. Nxe7 (13. Nxc7+ Kd7 14. Nxa8 Nxc4 $17) 13... Kxe7 {For some
strange reason draw was agreed her,as Black are clearly better.(on move 13!) 
Bangiev: Wegen den weißfeldrigen Schwächen auf e4, f3, c2 hat Schwarz die
etwas besseren Aussichten.} (13... Kxe7 14. Be2 (14. Bd5 c6 15. Bg2 Bxc2 $17) (
14. Bb3 Be4 $17) 14... Bxc2 15. Bf4 Be4 16. O-O Kf6 17. Rfe1 Rhe8 $17) 1/2-1/2

[Event "FRA-ch"]
[Site "Val d'Isere"]
[Date "2002.08.27"]
[Round "8"]
[White "Fontaine, Robert"]
[Black "Bauer, Christian"]
[Result "1-0"]
[WhiteElo "2514"]
[BlackElo "2550"]
[Annotator "Huzman,A"]
[PlyCount "77"]
[EventDate "2002.08.19"]
[EventType "tourn"]
[EventRounds "11"]
[EventCountry "FRA"]
[EventCategory "13"]
[SourceTitle "CBM 091"]
[Source "ChessBase"]
[SourceDate "2002.11.12"]
[SourceVersion "1"]
[SourceVersionDate "2002.11.12"]
[SourceQuality "1"]

1. e4 e5 2. Nf3 d6 3. d4 exd4 4. Nxd4 Nf6 5. Nc3 g6 6. Bg5 Bg7 7. Qd2 h6 8. Bf4
Nc6 9. Bb5 Bd7 10. Bxc6 (10. Nde2 g5 11. Bg3 Nh5 12. f3 Nxg3 13. Nxg3 Nd4 14.
Bd3 h5 15. Nge2 Nxe2 16. Bxe2 Qf6 17. Rb1 Bc6 18. Nd5 Bxd5 19. Qxd5 c6 20. Qa5
Qe5 {1/2-1/2 Sidorov,A-Markosian,D/Tula 2000/CBM 79 ext (20)}) 10... bxc6 11.
O-O (11. e5 $5 Nh5 (11... dxe5 12. Bxe5 O-O 13. O-O-O $14) 12. exd6 Nxf4 13.
Qxf4 Qg5 14. Qe4+ Qe5 15. O-O-O cxd6 16. Ndb5 O-O 17. Nxd6 Rab8 $44) 11... g5 (
11... c5 $5 12. Nde2 g5 13. Be3 Ng4 $132) 12. Be3 (12. Bg3 Nh5 13. Nf5 Bxf5 14.
exf5 O-O $15 {[%csl Rg3]}) 12... Ng4 13. Nf5 Be5 (13... Bxf5 $5 14. exf5 Qf6
$132) 14. g3 Qf6 15. Rae1 Rg8 $2 (15... Rb8 $142 $36) 16. Bd4 $1 Bxf5 17. exf5
Kf8 18. Bxe5 Nxe5 19. f4 $1 Nc4 20. Qe2 d5 (20... Nxb2 21. fxg5 (21. Ne4 Qd4+
22. Nf2 gxf4 23. Qe7+ Kg7 24. Re6 fxg3 25. Rg6+ Kh7 26. Qxf7+ Rg7 27. Rxg7+
Qxg7 28. Qxg7+ Kxg7 29. hxg3 Nc4 $17) 21... Rxg5 (21... Qxc3 22. Qe7+ Kg7 23.
Re3 Qd4 24. Rf4 Qd1+ 25. Re1 $18) 22. Ne4 Qd4+ 23. Kh1 (23. Nf2 Rxf5 24. Qe7+
Kg7 25. Qxc7 $44) 23... Re8 24. Qf3 Rg8 25. Qf4 $40) 21. Ne4 $1 Qd4+ 22. Nf2
gxf4 23. Qe7+ Kg7 24. Re6 Kh7 (24... fxg3 25. hxg3 (25. c3 gxh2+ (25... gxf2+
26. Kh1 Qf4 27. Rxf2 Qc1+ (27... Qxf2 28. Rg6+ Kh7 29. Qxf7+ Kh8 30. Rxh6#) 28.
Re1 $16) 26. Kh1 Qf4 27. Rg6+ Kh8 28. Qf6+ Kh7 29. Qxf7+ Kh8 30. Qf6+ Kh7 31.
Qe7+ Kh8 32. Nd3 $5 Qe4+ $1 (32... Qxf1+ $4 33. Kxh2 Rxg6 34. fxg6 $18) 33.
Qxe4 dxe4 $11) 25... Kh7 (25... Raf8 26. Rd1 $18) 26. Qxf7+ Rg7 27. Qh5 Rxg3+
28. Kh2 Qg7 29. f6 Qg6 30. Qxg6+ Rxg6 31. Rxc6 $16) 25. Qxf7+ Qg7 26. Qh5 $1
Ne3 $2 (26... fxg3 27. Ng4 Qd4+ 28. Ne3 Qg7 29. Rg6 gxh2+ 30. Kh1 Nxe3 31.
Rxg7+ Rxg7 32. Rf3 $16) 27. Rg6 Qf8 28. Nh3 $18 Nxf5 (28... Rxg6 29. Qxg6+ Kh8
30. Rxf4 $18) 29. Ng5+ Kh8 30. Ne6 Qf7 31. Rxh6+ Nxh6 32. Qxh6+ Qh7 33. Qf6+
Rg7 34. Rxf4 Qg6 35. Nxg7 Qxf6 36. Rxf6 Kxg7 37. Rxc6 Rc8 38. Kf2 Kf7 39. h4
1-0

[Event "FIDE-Wch"]
[Site "San Luis"]
[Date "2005.10.03"]
[Round "5"]
[White "Polgar, Judit"]
[Black "Morozevich, Alexander"]
[Result "1/2-1/2"]
[WhiteElo "2735"]
[BlackElo "2707"]
[Annotator "Huzman,A"]
[PlyCount "82"]
[EventDate "2005.09.28"]
[EventType "tourn"]
[EventRounds "14"]
[EventCountry "ARG"]
[EventCategory "20"]
[SourceTitle "CBM 110"]
[Source "ChessBase"]
[SourceDate "2006.01.31"]
[SourceVersion "1"]
[SourceVersionDate "2006.01.31"]
[SourceQuality "1"]

1. e4 d6 2. d4 Nf6 3. Nc3 e5 4. Nf3 Nbd7 5. Bc4 Be7 6. O-O O-O 7. Qe2 exd4 8.
Nxd4 Nb6 9. Bb3 Nfd7 (9... c5 10. Nf3 Bg4 11. a4 (11. Be3 Qc7 12. Rfd1 a6 13.
a4 Nbd7 14. h3 Bh5 15. g4 Bg6 16. Bf4 Rfe8 17. Nh4 $16 {1/2-1/2 Canellas
Magide,L-Sola Lluch,M/Ametlla 1998/EXT 2002 (43)}) 11... Rc8 (11... Qc7 12. Bf4
c4 13. Ba2 Rfc8 14. h3 Bxf3 15. Qxf3 Qc6 16. a5 Nbd7 17. Rad1 b5 18. Nd5 Nxd5
19. Rxd5 Ne5 20. Qg3 $16 {1-0 Gufeld,E-Lerner,K/Kutaisi 1978/EXT 2002 (50)})
12. h3 Bxf3 13. Qxf3 c4 14. Ba2 Qe8 15. a5 Na4 16. Ne2 Qc6 17. Ng3 Rfe8 18. Bg5
h6 19. Be3 Bf8 20. Bxa7 Nxe4 21. Bd4 d5 $15 {1-0 Kotronias,V-Conquest,S/Kavala
1991/EXT 2003 (76)}) 10. Be3 (10. a4 a5 11. Nf5 Bf6 12. Nb5 Nc5 13. Qf3 Bxf5
14. Qxf5 c6 15. Nc3 Nxb3 16. cxb3 Qd7 $15 {1/2-1/2 Lauk,U-Tratar,M/Dos
Hermanas 2003/EXT 2004 (85)}) (10. Nf5 Bf6 11. Be3 Bxc3 12. bxc3 Nc5 13. Qg4
Bxf5 14. Qxf5 Qe7 15. f3 Ncd7 16. Rfd1 Qe5 17. Qh3 Kh8 18. Bd4 Qg5 19. a4 a5
20. Re1 c5 21. Be3 Qf6 22. c4 $2 Ne5 $15 {0-1 Poecksteiner,J-Tratar,M/Dos
Hermanas 2003/EXT 2004 (36)}) 10... Nc5 11. Rad1 Bf6 12. f4 {[%cal Ge4e5]} Qe7
13. Qf3 Bd7 14. Rfe1 Rae8 $132 {[%csl Re4] Black tries to compensate the space
advantage of White by an attack of the pawn e4.} 15. Bf2 g6 16. Qg3 $1 Nxb3 17.
axb3 Bg7 18. Nf3 {White is ready for the breakthrough in the centre by e4-e5.
Black decides to prevent it by the unspectacular move f6.} f6 19. Ra1 $1 (19.
f5 $5 gxf5 20. exf5 Qf7 21. Nd4 Re5 $132) 19... Nc8 (19... Ra8 20. f5 $1 $16)
20. Nd5 (20. Bxa7 $5 Nxa7 (20... b6 21. Nd5 Qd8 22. Bb8 $18) 21. Rxa7 Bc6 22.
f5 $16) 20... Qd8 21. c4 c6 22. Nc3 c5 23. Nd5 {White has a clear advantage
due to the weakness on d6 and the passive position of all black pieces.} Ne7
24. b4 (24. Rxa7 Nxd5 25. exd5 Rxe1+ 26. Bxe1 Qb8 27. Ra1 Re8 $14 {/+/-}) 24...
Nxd5 25. cxd5 cxb4 26. Rxa7 Qc7 27. Raa1 f5 $1 28. e5 Qc4 29. Rad1 Ba4 30. Rd2
(30. Rd4 $1 Qb3 31. Rd2 $16) 30... Bc2 $1 {Black uses any chance to get
counterplay.} 31. h4 (31. Ng5 $1 b3 32. Qh4 h6 33. Ne6 $16) 31... Be4 $13 32.
Rd4 (32. h5 $5 Bxd5 (32... gxh5 33. exd6 Bxf3 34. Rxe8 Rxe8 35. Qxf3 Rd8 36.
Re2 $16) 33. hxg6 hxg6 34. Ng5 dxe5 35. Qh3 Rf6 36. Bd4 $40) 32... Qb3 $6 (
32... Qc7 $1 33. h5 gxh5 (33... Bxf3 34. Qxf3 dxe5 35. d6 Qf7 36. hxg6 hxg6 37.
fxe5 Bxe5 38. Rd5 Bf6 39. Rxe8 Rxe8 40. d7 $16) 34. Rdxe4 fxe4 35. Rxe4 Kh8 $13
) 33. Ng5 (33. Nd2 $1 Qxb2 (33... Qxg3 34. Bxg3 dxe5 35. fxe5 Bxe5 36. Bxe5
Rxe5 37. Nxe4 fxe4 38. Rexe4 Rxe4 39. Rxe4 $16) 34. Nc4 $18) 33... Qxb2 34.
Nxe4 (34. Ne6 Rf7 $13) 34... fxe4 35. Rdxe4 dxe5 36. Qd3 (36. fxe5 Bxe5 37.
Rxe5 Rxe5 38. Rxe5 Rxf2 39. Re8+ Rf8 40. Rxf8+ Kxf8 $14) 36... Qc3 (36... Rc8
37. d6 Rc2 38. R4e2 (38. Rxb4 Qxb4 39. Qxc2 Qxf4 $11) 38... Rxe2 39. Qc4+ Rf7
40. Rxe2 Qb1+ 41. Re1 Qf5 $132) 37. Qb5 b3 (37... Qd2 38. Bc5 Qxd5 39. Rxb4 Qd2
40. Ree4 $16) 38. R4e3 $2 {White misses the last chance to get an advantage.} (
38. d6 $5 b2 39. Bd4 $16) (38. Bc5 $1 Rd8 39. Bxf8 Bxf8 40. fxe5 Qc5+ 41. Qxc5
Bxc5+ 42. Kf1 Rxd5 43. e6 $16) 38... Qc2 39. Rxb3 Rd8 40. Bb6 Qd2 (40... Rxf4
$6 41. Bxd8 Qf2+ 42. Kh2 Qxe1 43. Bg5 (43. d6 Rxh4+ 44. Bxh4 Qxh4+ 45. Rh3 (45.
Kg1 Qd4+ $11) 45... Qf4+ $11) 43... Bf8 44. Qd7 $36) 41. Rbb1 Rxd5 (41... Rxd5
42. Qb3 Qd3 43. Qxd3 Rxd3 44. fxe5 Re8 $11) 1/2-1/2

[Event "Ciocaltea Memorial"]
[Site "Bucharest"]
[Date "2003.03.08"]
[Round "5"]
[White "Lemmers, Oscar"]
[Black "Grigore, George Gabriel"]
[Result "1/2-1/2"]
[WhiteElo "2444"]
[BlackElo "2482"]
[Annotator "Huzman,A"]
[PlyCount "56"]
[EventDate "2003.03.04"]
[EventType "tourn"]
[EventRounds "13"]
[EventCountry "ROU"]
[EventCategory "9"]
[SourceTitle "CBM 094"]
[Source "ChessBase"]
[SourceDate "2003.05.26"]
[SourceVersion "1"]
[SourceVersionDate "2003.05.26"]
[SourceQuality "1"]

1. e4 d6 2. d4 Nf6 3. Nc3 e5 4. Nf3 Nbd7 5. Bc4 Be7 6. O-O O-O 7. Re1 c6 8. a4
a5 9. Ba2 exd4 10. Nxd4 Nc5 11. h3 Qb6 (11... Be6 12. Bxe6 (12. Bf4 Bxa2 13.
Nf5 d5 14. Nxe7+ Qxe7 15. exd5 Qd7 16. Rxa2 Nxd5 17. Nxd5 cxd5 18. Be3 Rac8 $11
{1/2-1/2 Sziva,E-Sheremetieva,M/Istanbul 2000/EXT 2001 (59)}) (12. Qf3 Nfd7 13.
Nf5 Ne5 14. Nxe7+ Qxe7 15. Qe2 Qh4 16. f4 Bxa2 17. Rxa2 Ng6 18. Qf2 Qxf2+ 19.
Kxf2 Rfe8 20. f5 Ne5 21. Be3 Na6 22. Raa1 Nb4 $11 {1-0 Outerelo Ucha,M-Milla
de Marco,C/Orense 2002/CBM 89 ext (58)}) 12... fxe6 13. b3 Nfd7 14. Be3 Bf6 15.
Qd2 Qe7 16. Rad1 Qf7 17. f3 d5 $15 {1/2-1/2 Grosar,K-Sheremetieva,M/Moscow
1994/EXT 99 (53)}) (11... Re8 12. Bf4 (12. Qf3 Bf8 13. Bg5 Ne6 14. Nxe6 Bxe6
15. e5 $1 Bxa2 16. exf6 Be6 17. fxg7 Be7 18. Bxe7 Qxe7 19. Ne4 $16 {1-0
Ciocaltea,V-Moehring,G/Halle 1974/MCL (45)}) 12... Qb6 13. Qf3 Nxa4 14. Nxa4
Qxd4 15. e5 dxe5 16. Bxe5 Qb4 17. Bxf6 gxf6 18. Re4 $18 {1-0 Sekulic,V-Mrsevic,
M/Jahorina 2000/EXT 2001 (26)}) 12. Nb3 (12. Qf3 Be6 (12... Ne8 13. Be3 Qxb2
14. Nxc6 bxc6 15. Bxc5 Bf6 16. e5 Bxe5 17. Bd4 Nf6 18. Bxe5 dxe5 19. Bb3 $18 {
1-0 Markovic,M-Damljanovic,B/Herceg Novi 2001/CBM 84 ext (32)}) 13. Bf4 (13.
Nf5 Bxf5 14. Qxf5 Rae8 15. Re3 Qb4 16. Qf3 Bd8 17. e5 dxe5 18. Qe2 e4 19. Bc4
Bc7 20. b3 Bf4 21. Ba3 Qb6 22. Bxc5 Qxc5 23. Nxe4 $11 {1/2-1/2 Rogulj,
B-Topalovic,Z/Kastav 2002/CBM 87 ext (66)}) 13... Qb4 14. Red1 Rad8 15. Qe3 Ne8
16. Bg5 (16. Nd5 $1) 16... Bf6 17. Nxe6 Nxe6 18. Bxe6 fxe6 19. e5 Bxg5 20. Qxg5
Qb6 $132 {1/2-1/2 Podlesnik,B-Topalovic,Z/Pula 2002/CBM 88 ext (35)}) 12...
Nxb3 (12... Na6 13. Be3 Qd8 14. Nd4 Nb4 15. Bb3 d5 16. e5 Ne8 17. Nf3 f6 $14 {
1-0 Tukmakov,V-Cifuentes Parada,R/Wijk aan Zee 1993/CBM 34 (36)}) 13. Bxb3 Be6
14. Nd5 $1 (14. Bxe6 fxe6 15. Qe2 Rae8 16. Ra3 d5 17. Rb3 Qc7 18. Be3 Bb4 $17 {
0-1 Schulze,A-Miltner,A/Germany 2002/CBM 88 ext (41)}) 14... cxd5 (14... Nxd5
15. exd5 cxd5 16. Be3 $1 (16. Bxd5 Bxd5 17. Qxd5 Bf6 18. Ra3 Rfe8 19. Rae3 Rxe3
20. Rxe3 Qc6 $11) 16... Qc6 17. Bd4 Rfe8 18. Qf3 $16) 15. exd5 Nxd5 16. Bxd5
Bxd5 17. Qxd5 Rae8 $6 (17... Bf6 $142 18. Qb5 Qxb5 19. axb5 d5 20. Ra4 Rfd8 21.
g4 $1 (21. Kf1 Rac8 22. c3 d4 $1 $11) 21... h6 22. f4 g6 23. g5 Bg7 $11) 18.
Rb1 $6 (18. Qb5 $1 Qc6 (18... Qxb5 19. axb5 d5 20. Be3 Ra8 21. c3 $16) 19. c3
Bf6 20. Bf4 $16) 18... Bf6 $11 19. Be3 Qc6 20. Qxc6 bxc6 21. b3 (21. Bd2 Rxe1+
22. Bxe1 (22. Rxe1 Bxb2 23. Bxa5 Ra8 24. Bd2 f5 25. a5 Kf7 26. Rb1 Bd4 $14)
22... Ra8 23. b3 d5 $14) 21... Re6 22. Bb6 Ra8 23. Rbd1 d5 $11 24. Bc5 Rae8 25.
Kf1 Be7 26. Bd4 Bf6 27. Bc5 Be7 28. Bd4 Bf6 1/2-1/2